| 000 | 00919nam a2200301 a 4500 | ||
|---|---|---|---|
| 001 | 000043985 | ||
| 003 | DO-SdBNP | ||
| 005 | 20180402130245.0 | ||
| 007 | 000043985 | ||
| 008 | 140512s2014 dr 000 0 spa d | ||
| 020 | _a9789945410747 | ||
| 040 |
_aBPMSU _bspa _cBPMSU |
||
| 082 | 0 | 4 |
_aRD867.44 _bP438b |
| 100 | 1 |
_aPérez, Mario Emilio, _d1935- |
|
| 245 | 1 | 0 |
_aBrincando por la vida / _cMario Emilio Pérez. |
| 260 |
_aSanto Domingo, : _bLetragráfica, _c2014. |
||
| 300 |
_a136 p. ; _c22 cm. |
||
| 490 | 1 | _aLibros para todos | |
| 650 | 4 | _aHUMORISMO DOMINICANO | |
| 650 | 4 |
_aREPÚBLICA DOMINICANA _xANÉCDOTAS, CHITES, SÁTIRAS, ETC. |
|
| 650 | 4 | _aSÁTIRA DOMINICANA | |
| 650 | 4 | _aLITERATURA DOMINICANA | |
| 830 | 0 | _aLibros para todos | |
| 910 | _aValidado. Control de calidad MFF | ||
| 942 |
_2ddc _cBK |
||
| 945 | _aRemanejado para la BNPHU, 2018 / BT | ||
| 956 |
_aVMATEO _b10 _c20140624 _lBPMSU _h0069 |
||
| 999 |
_c7238 _d7238 |
||